000
00319nam a2200133Ia 4500
008
190723s9999 xx 000 0 und d
020
_a
978-0-07-162717-7
100
_a
Saad M. Manzoul
245
0
_a
Deja Review Biochemistry
250
_a
2nd
260
_a
New york
_b
McGraw Hill
_c
2010
300
_a
206.:p
942
_c
BK
999
_c
1643
_d
1643